[Event "17. Torneo Ciudad de Pamplona - Abierto"]
[Site "Pamplona ESP"]
[Date "2007.12.26"]
[Round "6.9"]
[White "Strikovic, Aleksa"]
[Black "Anguas Fanlo, Sergio"]
[Result "1-0"]
[WhiteElo "2551"]
[BlackElo "2048"]
[PlyCount "97"]
[EventDate "2007.12.22"]
[EventType "swiss"]
[EventRounds "9"]
[EventCountry "ESP"]
[Source "lmi"]
[SourceDate "2007.12.22"]

1. c4 e6 2. Nf3 Nf6 3. g3 d5 4. Bg2 c6 5. b3 Be7 6. O-O Nbd7 7. Bb2 O-O 8. d4
Ne4 9. Nbd2 Nxd2 10. Nxd2 f5 11. e3 Nf6 12. Qc2 Bd7 13. a4 a5 14. Ba3 Bxa3 15.
Rxa3 Qe7 16. Raa1 Be8 17. Nf3 Nd7 18. Qc3 Bh5 19. cxd5 Bxf3 20. d6 Qxd6 21.
Bxf3 e5 22. dxe5 Nxe5 23. Be2 Rfd8 24. Rfd1 Qc7 25. Rd4 Rxd4 26. exd4 Nf7 27.
Bc4 Kf8 28. Re1 Re8 29. Rxe8+ Kxe8 30. Qe1+ Kf8 31. Bxf7 Kxf7 32. Qe5 Qb6 33.
Qxf5+ Kg8 34. Qe6+ Kf8 35. Qc4 Qd8 36. b4 Qe8 37. bxa5 Qe1+ 38. Kg2 Qe4+ 39.
Kf1 Qh1+ 40. Ke2 Qxh2 41. Qb4+ Kg8 42. Qb3+ Kf8 43. Qc3 Ke7 44. a6 bxa6 45.
Qxc6 Qh5+ 46. Ke3 Qg5+ 47. Kd3 Kf7 48. Qd7+ Kg8 49. Qe8# 1-0

[Event "17. Torneo Ciudad de Pamplona - Abierto"]
[Site "Pamplona ESP"]
[Date "2007.12.26"]
[Round "6.10"]
[White "Ladron de Guevara, Francisco Javier"]
[Black "Recuero Guerra, David"]
[Result "1/2-1/2"]
[WhiteElo "2084"]
[BlackElo "2407"]
[PlyCount "44"]
[EventDate "2007.12.22"]
[EventType "swiss"]
[EventRounds "9"]
[EventCountry "ESP"]
[Source "lmi"]
[SourceDate "2007.12.22"]

1. d4 Nf6 2. Nf3 c5 3. d5 d6 4. Nc3 g6 5. e4 Bg7 6. Bb5+ Bd7 7. a4 Na6 8. O-O
Nc7 9. Re1 O-O 10. h3 a6 11. Bf1 b5 12. Bg5 h6 13. Bh4 Qc8 14. e5 dxe5 15. axb5
axb5 16. Rxa8 Qxa8 17. Nxe5 Rd8 18. d6 Be6 19. dxc7 Rxd1 20. Rxd1 Qb7 21. Rd8+
Kh7 22. Nxb5 Ne4 1/2-1/2

[Event "17. Torneo Ciudad de Pamplona - Abierto"]
[Site "Pamplona ESP"]
[Date "2007.12.26"]
[Round "6.11"]
[White "Navarro Cia, Miguel"]
[Black "Eguia Cambero, Ignacio Javier"]
[Result "1-0"]
[WhiteElo "2359"]
[BlackElo "1903"]
[PlyCount "41"]
[EventDate "2007.12.22"]
[EventType "swiss"]
[EventRounds "9"]
[EventCountry "ESP"]
[Source "lmi"]
[SourceDate "2007.12.22"]

1. c4 e6 2. g3 d5 3. Bg2 Nf6 4. Nf3 Be7 5. O-O O-O 6. d4 c6 7. Nc3 b6 8. Ne5
Bb7 9. e4 Qc8 10. exd5 cxd5 11. cxd5 Nxd5 12. Nxd5 Bxd5 13. Bxd5 exd5 14. Bf4
Qb7 15. Rc1 Na6 16. Qg4 Kh8 17. a3 f6 18. Nc6 Rac8 19. Qe6 Bd8 20. Na5 bxa5 21.
Rxc8 1-0

[Event "17. Torneo Ciudad de Pamplona - Abierto"]
[Site "Pamplona ESP"]
[Date "2007.12.26"]
[Round "6.12"]
[White "Paulet, Iosefina"]
[Black "Ignacz, Rozsa"]
[Result "0-1"]
[WhiteElo "2276"]
[BlackElo "2079"]
[PlyCount "136"]
[EventDate "2007.12.22"]
[EventType "swiss"]
[EventRounds "9"]
[EventCountry "ESP"]
[Source "lmi"]
[SourceDate "2007.12.22"]

1. e4 c6 2. Nc3 d5 3. Nf3 Bg4 4. h3 Bxf3 5. Qxf3 Nf6 6. d3 e6 7. a3 Nbd7 8. g4
h6 9. Bg2 Bd6 10. Qe2 d4 11. Nb1 Qc7 12. c3 c5 13. Nd2 Bf4 14. Nf3 Bxc1 15.
Rxc1 Qb6 16. O-O e5 17. b4 dxc3 18. Rxc3 cxb4 19. axb4 O-O 20. Rc4 Ne8 21. Qb2
Nd6 22. Rc2 Rfe8 23. Rd1 Rad8 24. Qa1 a6 25. h4 Nb5 26. g5 hxg5 27. hxg5 Qe6
28. d4 exd4 29. Nxd4 Nxd4 30. Qxd4 Qg4 31. Rc3 Qxg5 32. Rg3 Qf6 33. Qxf6 Nxf6
34. Rxd8 Rxd8 35. e5 Rd1+ 36. Kh2 Nd5 37. Rb3 b6 38. Kg3 Rd4 39. b5 a5 40. Rb1
Nc3 41. Re1 Nxb5 42. Rc1 Rd3+ 43. Kh2 Rc3 44. Rb1 Rc5 45. f4 a4 46. Bf1 Rc2+
47. Kg3 Rc3+ 48. Kg2 Nc7 49. Rxb6 Kf8 50. f5 Ke7 51. f6+ gxf6 52. exf6+ Kd7 53.
Be2 Rb3 54. Bg4+ Ke8 55. Rc6 Rb7 56. Rc4 Ra7 57. Rb4 Ne6 58. Rb8+ Kd7 59. Rb1
Kd6 60. Re1 Nf4+ 61. Kg3 Nd5 62. Bf3 Nxf6 63. Rd1+ Ke7 64. Re1+ Kf8 65. Kf4 a3
66. Kf5 Nd7 67. Ke4 a2 68. Bg4 Nf6+ 0-1

[Event "17. Torneo Ciudad de Pamplona - Abierto"]
[Site "Pamplona ESP"]
[Date "2007.12.26"]
[Round "6.13"]
[White "Sanchez Salazar, Kiko"]
[Black "Lymar, Irina"]
[Result "0-1"]
[WhiteElo "1940"]
[BlackElo "2264"]
[PlyCount "90"]
[EventDate "2007.12.22"]
[EventType "swiss"]
[EventRounds "9"]
[EventCountry "ESP"]
[Source "lmi"]
[SourceDate "2007.12.22"]

1. e4 c5 2. Nf3 e6 3. d4 cxd4 4. Nxd4 a6 5. Be2 Qc7 6. O-O Nc6 7. Be3 Nf6 8. f3
Bd6 9. h3 Bh2+ 10. Kh1 Nh5 11. Bf2 Bg3 12. Nxc6 dxc6 13. f4 Bxf2 14. Bxh5 Ba7
15. e5 O-O 16. Nc3 f5 17. exf6 Rxf6 18. Ne4 Rf5 19. c4 Bd7 20. Bg4 Rff8 21. Ng5
Rae8 22. Qd3 g6 23. h4 Bb8 24. g3 Re7 25. Rfe1 e5 26. Bxd7 Rxd7 27. Qe2 Re7 28.
Kg2 Rfe8 29. fxe5 Rxe5 30. Qf2 Rf8 31. Qd2 Ref5 32. Re3 Ba7 33. Rf3 Rxf3 34.
Nxf3 Qf7 35. Qd3 Qf6 36. Rb1 Re8 37. b4 Re3 38. Qd1 Qe7 39. Rb2 Bb6 40. c5 Bc7
41. Rd2 Qe4 42. Rf2 Qg4 43. Qc2 Qxg3+ 44. Kf1 Rxf3 45. Qc4+ Kf8 0-1

[Event "17. Torneo Ciudad de Pamplona - Abierto"]
[Site "Pamplona ESP"]
[Date "2007.12.26"]
[Round "6.14"]
[White "Escofet Llongueras, Joan"]
[Black "Ros Octavio de Toledo, Eduardo"]
[Result "1-0"]
[WhiteElo "1887"]
[BlackElo "2166"]
[PlyCount "117"]
[EventDate "2007.12.22"]
[EventType "swiss"]
[EventRounds "9"]
[EventCountry "ESP"]
[Source "lmi"]
[SourceDate "2007.12.22"]

1. c4 Nf6 2. Nc3 e5 3. g3 Bb4 4. Bg2 O-O 5. e4 d6 6. Nge2 Nc6 7. O-O Bc5 8. h3
a6 9. d3 Bd7 10. Kh2 Ne8 11. Nd5 Nd4 12. Nxd4 Bxd4 13. Be3 c6 14. Bxd4 cxd5 15.
Be3 d4 16. Bd2 f5 17. f4 fxe4 18. Bxe4 Nf6 19. Bg2 Bc6 20. Qe2 Qc7 21. Rae1
Rfe8 22. Qf2 Bxg2 23. Qxg2 Qc6 24. fxe5 dxe5 25. Rf2 Qxg2+ 26. Kxg2 Re6 27.
Rfe2 Rae8 28. g4 e4 29. dxe4 Nxe4 30. Bc1 Kf7 31. Kf3 Rf6+ 32. Kg2 Rfe6 33. b3
d3 34. Rb2 Nc3 35. Rf2+ Kg8 36. Rxe6 Rxe6 37. Rd2 Re1 38. Bb2 Ne4 39. Rxd3 Re2+
40. Kf3 Rxb2 41. Kxe4 Rxa2 42. Kd5 Kf7 43. Kc5 Ke7 44. Kb6 a5 45. Kxb7 Ra3 46.
Kc6 a4 47. Rd7+ Kf6 48. bxa4 Rxh3 49. a5 Rg3 50. a6 Rxg4 51. Kb5 Rg1 52. a7
Rb1+ 53. Kc6 Ra1 54. Kb7 Rb1+ 55. Kc8 Ra1 56. Kb8 h5 57. a8=Q Rxa8+ 58. Kxa8 h4
59. c5 1-0

[Event "17. Torneo Ciudad de Pamplona - Abierto"]
[Site "Pamplona ESP"]
[Date "2007.12.26"]
[Round "6.15"]
[White "Montoya Irigoyen, Iñigo"]
[Black "Cortes Bueno, Jesus Javier"]
[Result "1-0"]
[WhiteElo "2072"]
[BlackElo "2305"]
[PlyCount "65"]
[EventDate "2007.12.22"]
[EventType "swiss"]
[EventRounds "9"]
[EventCountry "ESP"]
[Source "lmi"]
[SourceDate "2007.12.22"]

1. c4 Nf6 2. Nc3 g6 3. g3 Bg7 4. Bg2 d6 5. Nf3 O-O 6. O-O Nc6 7. Rb1 e5 8. d3
a5 9. a3 Be6 10. Nd2 Qd7 11. Re1 Nh5 12. b4 axb4 13. axb4 f5 14. b5 Nd8 15. Nd5
Rc8 16. e3 Qf7 17. Ba3 Nf6 18. b6 Nxd5 19. cxd5 Bxd5 20. bxc7 Nc6 21. Bxd5 Qxd5
22. Qb3 Qxb3 23. Rxb3 Rf6 24. Rxb7 Bf8 25. Rc1 d5 26. Bxf8 Kxf8 27. Rc5 Ne7 28.
e4 Rd6 29. Rb8 Ke8 30. exd5 Kd7 31. Nc4 Rxd5 32. Nb6+ Kd6 33. Nxc8+ 1-0

[Event "17. Torneo Ciudad de Pamplona - Abierto"]
[Site "Pamplona ESP"]
[Date "2007.12.27"]
[Round "7.3"]
[White "Pogorelov, Ruslan"]
[Black "Lafuente, Pablo"]
[Result "1-0"]
[WhiteElo "2411"]
[BlackElo "2489"]
[PlyCount "85"]
[EventDate "2007.12.22"]
[EventType "swiss"]
[EventRounds "9"]
[EventCountry "ESP"]
[Source "lmi"]
[SourceDate "2007.12.22"]

1. Nf3 Nf6 2. c4 e6 3. Nc3 Bb4 4. Qc2 O-O 5. a3 Bxc3 6. Qxc3 b6 7. b4 d5 8. e3
Bb7 9. Bb2 dxc4 10. Bxc4 Nbd7 11. Be2 c5 12. d3 Rc8 13. b5 Re8 14. O-O e5 15.
Nd2 Nd5 16. Qb3 Qg5 17. Bf3 N7f6 18. g3 Rcd8 19. Bg2 Bc8 20. Nc4 Qh5 21. Qd1
Bg4 22. f3 Bd7 23. e4 Nc7 24. a4 Bc8 25. g4 Qg5 26. Bxe5 Rxe5 27. f4 Qh4 28.
Nxe5 Nxg4 29. Nxg4 Bxg4 30. Qd2 Ne6 31. Qe3 Nd4 32. Rf2 Re8 33. Re1 Be6 34. Qg3
Qxg3 35. hxg3 Bb3 36. Ra1 Nc2 37. Rc1 Nb4 38. Rd2 Bxa4 39. d4 Bxb5 40. dxc5
bxc5 41. Rxc5 a6 42. e5 g6 43. Rd4 1-0

[Event "17. Torneo Ciudad de Pamplona - Abierto"]
[Site "Pamplona ESP"]
[Date "2007.12.27"]
[Round "7.4"]
[White "Strikovic, Aleksa"]
[Black "Martinez Martin, David"]
[Result "0-1"]
[WhiteElo "2551"]
[BlackElo "2400"]
[PlyCount "94"]
[EventDate "2007.12.22"]
[EventType "swiss"]
[EventRounds "9"]
[EventCountry "ESP"]
[Source "lmi"]
[SourceDate "2007.12.22"]

1. d4 d5 2. g3 Bf5 3. c4 Be4 4. f3 Bxb1 5. Rxb1 Nc6 6. Qb3 e6 7. e3 a6 8. Bd2
Rb8 9. cxd5 exd5 10. Rc1 Bd6 11. Bd3 Nge7 12. Ne2 O-O 13. O-O Kh8 14. e4 dxe4
15. fxe4 Nxd4 16. Nxd4 Bc5 17. Kh1 Bxd4 18. Bc4 f6 19. Rcd1 Qe8 20. Bf4 Bb6 21.
Be6 Nc6 22. Bd5 Ne5 23. Bxe5 Qxe5 24. Rf5 Qe7 25. h4 Ba7 26. Qf3 c6 27. Bb3
Rbd8 28. Rxd8 Rxd8 29. e5 Bd4 30. e6 Bxb2 31. Qe4 g6 32. Rf2 Be5 33. Kg2 Rd4
34. Qf3 a5 35. a4 Qd6 36. Re2 Kg7 37. h5 Rd3 38. Re3 Rd2+ 39. Kh3 Rb2 40. Re2
Rxe2 41. Qxe2 f5 42. Qe3 Bf6 43. h6+ Kf8 44. Qa7 Qc7 45. Qc5+ Kg8 46. Kg2 Bg5
47. Qd4 Bxh6 0-1

[Event "17. Torneo Ciudad de Pamplona - Abierto"]
[Site "Pamplona ESP"]
[Date "2007.12.27"]
[Round "7.5"]
[White "Huerga Leache, Mikel"]
[Black "Rubio Mejia, Luis Igancio"]
[Result "1-0"]
[WhiteElo "2440"]
[BlackElo "2327"]
[PlyCount "85"]
[EventDate "2007.12.22"]
[EventType "swiss"]
[EventRounds "9"]
[EventCountry "ESP"]
[Source "lmi"]
[SourceDate "2007.12.22"]

1. e4 c5 2. Nf3 d6 3. d4 cxd4 4. Nxd4 Nf6 5. Nc3 a6 6. Be3 e5 7. Nf3 Be7 8. Bc4
O-O 9. O-O Be6 10. Bxe6 fxe6 11. Na4 Ng4 12. Qd3 Nxe3 13. Qxe3 b5 14. Nb6 Ra7
15. Nd5 Rb7 16. Qd2 Nc6 17. Rad1 Rd7 18. Qc3 Nb8 19. Nxe7+ Qxe7 20. Rd3 Rfd8
21. Rfd1 Rc7 22. Qd2 Rcd7 23. Qc3 Rc7 24. Qb3 Nc6 25. Qa3 Rcd7 26. Qb3 Rb7 27.
a4 b4 28. Qc4 Rb6 29. R3d2 h6 30. h4 Na5 31. Qe2 b3 32. cxb3 Nxb3 33. Rc2 Rdb8
34. Qe3 Kh7 35. h5 Qe8 36. Rc7 Qxh5 37. a5 Nxa5 38. Qc3 Nb3 39. Re1 Qe8 40. Re3
R8b7 41. Ng5+ Kg6 42. Nxe6 Kh7 43. Rg3 1-0

[Event "17. Torneo Ciudad de Pamplona - Abierto"]
[Site "Pamplona ESP"]
[Date "2007.12.27"]
[Round "7.6"]
[White "Lymar, Irina"]
[Black "Mellado Triviño, Juan"]
[Result "1/2-1/2"]
[WhiteElo "2264"]
[BlackElo "2410"]
[PlyCount "46"]
[EventDate "2007.12.22"]
[EventType "swiss"]
[EventRounds "9"]
[EventCountry "ESP"]
[Source "lmi"]
[SourceDate "2007.12.22"]

1. d4 g6 2. g3 Bg7 3. Bg2 d6 4. Nf3 f5 5. O-O Nf6 6. b3 O-O 7. Bb2 Ne4 8. Nbd2
Nc6 9. Nc4 e6 10. a4 Bd7 11. Ne1 d5 12. Ne5 Nxe5 13. dxe5 c5 14. c4 dxc4 15.
bxc4 Bc6 16. Nd3 Qa5 17. Ra3 b6 18. f3 Ng5 19. Bc3 Qa6 20. Qb3 Nf7 21. a5 Qb7
22. Rb1 Rab8 23. Qa2 Qc8 1/2-1/2

[Event "17. Torneo Ciudad de Pamplona - Abierto"]
[Site "Pamplona ESP"]
[Date "2007.12.27"]
[Round "7.9"]
[White "Mindeguia Guruceaga, Juan Jesus"]
[Black "Li, Chao B"]
[Result "0-1"]
[WhiteElo "2224"]
[BlackElo "2553"]
[PlyCount "62"]
[EventDate "2007.12.22"]
[EventType "swiss"]
[EventRounds "9"]
[EventCountry "ESP"]
[Source "lmi"]
[SourceDate "2007.12.22"]

1. d4 Nf6 2. c4 g6 3. Nc3 d5 4. Bf4 Bg7 5. e3 O-O 6. Rc1 c5 7. dxc5 Qa5 8. Nf3
Ne4 9. Be5 Bxe5 10. Nxe5 Nc6 11. Nxc6 bxc6 12. Be2 Nxc3 13. bxc3 Be6 14. cxd5
cxd5 15. O-O Rac8 16. c4 Rxc5 17. cxd5 Rxd5 18. Qe1 Rd2 19. a4 Rfd8 20. Bb5 a6
21. Bc6 Qb4 22. Rb1 Qc3 23. Rc1 Qb3 24. Rb1 Qd3 25. Rc1 Bb3 26. g3 Bd1 27. Kg2
e5 28. h4 Be2 29. Rg1 e4 30. Kh2 Bf3 31. Ra1 Qc2 0-1

[Event "17. Torneo Ciudad de Pamplona - Abierto"]
[Site "Pamplona ESP"]
[Date "2007.12.27"]
[Round "7.10"]
[White "Krivoshey, Sergei"]
[Black "Viñal Gutierrez, Pedro"]
[Result "1-0"]
[WhiteElo "2484"]
[BlackElo "2114"]
[PlyCount "45"]
[EventDate "2007.12.22"]
[EventType "swiss"]
[EventRounds "9"]
[EventCountry "ESP"]
[Source "lmi"]
[SourceDate "2007.12.22"]

1. Nf3 e6 2. c4 f5 3. g3 Nf6 4. Bg2 d5 5. O-O c6 6. d3 Be7 7. b3 O-O 8. Bb2 Bd7
9. Nbd2 Be8 10. Qc2 Bh5 11. e4 Bxf3 12. Nxf3 fxe4 13. dxe4 Nxe4 14. Nd4 Ng5 15.
h4 e5 16. Nf5 Nf7 17. cxd5 Bf6 18. Rad1 cxd5 19. Bxd5 Qb6 20. Nd6 Nc6 21. Nxf7
Rxf7 22. Bxf7+ Kxf7 23. Qc4+ 1-0

[Event "17. Torneo Ciudad de Pamplona - Abierto"]
[Site "Pamplona ESP"]
[Date "2007.12.27"]
[Round "7.11"]
[White "Recuero Guerra, David"]
[Black "Barrantes Muñoz, Hugo Pedro"]
[Result "1-0"]
[WhiteElo "2407"]
[BlackElo "2170"]
[PlyCount "97"]
[EventDate "2007.12.22"]
[EventType "swiss"]
[EventRounds "9"]
[EventCountry "ESP"]
[Source "lmi"]
[SourceDate "2007.12.22"]

1. e4 c5 2. Nf3 d6 3. d4 cxd4 4. Nxd4 Nf6 5. Nc3 Nc6 6. Bg5 e6 7. Qd2 Be7 8.
O-O-O Nxd4 9. Qxd4 a6 10. f4 b5 11. Bxf6 gxf6 12. Kb1 Bb7 13. Be2 h5 14. Rhf1
Rc8 15. f5 e5 16. Qe3 Qc7 17. a3 Bf8 18. Rf3 Bh6 19. Qd3 Ke7 20. Rh3 h4 21.
Rxh4 Bg5 22. Rh5 Qc5 23. Bf3 Be3 24. h3 Bd4 25. Ne2 Be3 26. Rh1 a5 27. Rxh8
Rxh8 28. Nc3 b4 29. Na4 Qa7 30. Rd1 Rd8 31. Qb3 Kf8 32. axb4 axb4 33. Qxb4 Kg7
34. Rd3 Bc6 35. Ra3 Bg5 36. Qb6 Qd7 37. Nc3 Ra8 38. Rxa8 Bxa8 39. Qa5 Bb7 40.
Qa7 Qc8 41. Nb5 Qc6 42. Nxd6 Qxd6 43. Qxb7 Qc5 44. Qb3 Qg1+ 45. Ka2 Bd2 46. c3
Bc1 47. Qb7 Qc5 48. Bh5 Kh6 49. Qxf7 1-0

[Event "17. Torneo Ciudad de Pamplona - Abierto"]
[Site "Pamplona ESP"]
[Date "2007.12.27"]
[Round "7.12"]
[White "Sande Edreira, Jose Antonio"]
[Black "Ladron de Guevara, Francisco Javier"]
[Result "1-0"]
[WhiteElo "2342"]
[BlackElo "2084"]
[PlyCount "49"]
[EventDate "2007.12.22"]
[EventType "swiss"]
[EventRounds "9"]
[EventCountry "ESP"]
[Source "lmi"]
[SourceDate "2007.12.22"]

1. b3 d5 2. Bb2 Nf6 3. e3 Bf5 4. f4 e6 5. Nf3 h6 6. Nc3 Nbd7 7. Be2 c6 8. O-O
Be7 9. Kh1 Qb6 10. Rc1 O-O 11. Ne5 Nxe5 12. fxe5 Nd7 13. Qe1 f6 14. exf6 Bxf6
15. d4 Qc7 16. Ba3 Rfd8 17. Bh5 Bh7 18. Bg4 Re8 19. Bb2 e5 20. Qg3 Rac8 21.
Bxd7 Qxd7 22. Rxf6 exd4 23. exd4 Qe7 24. Rff1 Rf8 25. Qe5 1-0

[Event "17. Torneo Ciudad de Pamplona - Abierto"]
[Site "Pamplona ESP"]
[Date "2007.12.27"]
[Round "7.13"]
[White "Blazquez Gomez, Miguel"]
[Black "Rivero Ojeda, Jesus Carmelo"]
[Result "0-1"]
[WhiteElo "2099"]
[BlackElo "2326"]
[PlyCount "60"]
[EventDate "2007.12.22"]
[EventType "swiss"]
[EventRounds "9"]
[EventCountry "ESP"]
[Source "lmi"]
[SourceDate "2007.12.22"]

1. Nf3 g6 2. c4 Bg7 3. Nc3 d6 4. g3 e5 5. Bg2 Nf6 6. d3 O-O 7. e4 h6 8. Bd2 Nc6
9. Ne2 Be6 10. b4 Qd7 11. h3 Ne7 12. a4 Ne8 13. Nc3 c6 14. g4 d5 15. c5 f5 16.
gxf5 gxf5 17. Qe2 fxe4 18. dxe4 d4 19. Nd1 Ng6 20. Nb2 Qf7 21. O-O-O b6 22. Ne1
bxc5 23. bxc5 Bb3 24. Nc2 Rb8 25. Qa6 Bxc2 26. Bf1 Bxe4 27. Rg1 Kh7 28. Bc4 Bd5
29. Bxd5 Qxd5 30. Rg3 Qxc5+ 0-1

[Event "17. Torneo Ciudad de Pamplona - Abierto"]
[Site "Pamplona ESP"]
[Date "2007.12.27"]
[Round "7.15"]
[White "Puerto Traver, Juan Manuel"]
[Black "Delgado Crespo, Mairelys"]
[Result "0-1"]
[WhiteElo "2130"]
[BlackElo "2285"]
[PlyCount "94"]
[EventDate "2007.12.22"]
[EventType "swiss"]
[EventRounds "9"]
[EventCountry "ESP"]
[Source "lmi"]
[SourceDate "2007.12.22"]

1. d4 d5 2. Bg5 Nd7 3. e3 Ngf6 4. Nd2 e6 5. f4 Be7 6. Qf3 Ne4 7. Nxe4 dxe4 8.
Qxe4 Bxg5 9. fxg5 Qxg5 10. O-O-O Nf6 11. Qf3 Qd5 12. c4 Qa5 13. Ne2 e5 14. h3
Bd7 15. Nc3 exd4 16. exd4 Qg5+ 17. Kb1 Qf5+ 18. Bd3 Qxf3 19. Rde1+ Kd8 20. gxf3
Re8 21. h4 g6 22. Kc2 a5 23. Ne4 Nxe4 24. Bxe4 c6 25. f4 Kc7 26. Kd2 Rad8 27.
Bd3 Re6 28. Rxe6 Bxe6 29. Kc3 Rd6 30. b3 Bd7 31. h5 Rf6 32. hxg6 hxg6 33. Rh4
Bf5 34. a3 Bxd3 35. Kxd3 Rf5 36. Ke4 Kd6 37. b4 axb4 38. axb4 b5 39. c5+ Ke6
40. Rh8 Rh5 41. Rc8 Kd7 42. Ra8 Ke6 43. Re8+ Kd7 44. Re5 Rh3 45. d5 Rb3 46. d6
Rxb4+ 47. Ke3 Rc4 0-1

[Event "17. Torneo Ciudad de Pamplona - Abierto"]
[Site "Pamplona ESP"]
[Date "2007.12.28"]
[Round "8.4"]
[White "Huerga Leache, Mikel"]
[Black "Navarro Cia, Miguel"]
[Result "1-0"]
[WhiteElo "2440"]
[BlackElo "2359"]
[PlyCount "59"]
[EventDate "2007.12.22"]
[EventType "swiss"]
[EventRounds "9"]
[EventCountry "ESP"]
[Source "lmi"]
[SourceDate "2007.12.22"]

1. e4 e6 2. d4 d5 3. Nc3 Bb4 4. e5 c5 5. Bd2 Nh6 6. f4 Nf5 7. Nf3 cxd4 8. Nb5
Bc5 9. b4 Be7 10. Bd3 Nc6 11. a3 Qb6 12. a4 a6 13. a5 Qd8 14. Bxf5 axb5 15. Bd3
Bxb4 16. Bxb4 Nxb4 17. Nxd4 O-O 18. O-O Rxa5 19. Rxa5 Qxa5 20. Qe1 Bd7 21. f5
exf5 22. Bxf5 Bxf5 23. Nxf5 Nc6 24. Qg3 g6 25. Qg5 Qb6+ 26. Kh1 Qd8 27. Qh6
gxf5 28. Rxf5 f6 29. exf6 Kh8 30. Qg7# 1-0

[Event "17. Torneo Ciudad de Pamplona - Abierto"]
[Site "Pamplona ESP"]
[Date "2007.12.28"]
[Round "8.5"]
[White "Li, Chao B"]
[Black "Sande Edreira, Jose Antonio"]
[Result "1-0"]
[WhiteElo "2553"]
[BlackElo "2342"]
[PlyCount "55"]
[EventDate "2007.12.22"]
[EventType "swiss"]
[EventRounds "9"]
[EventCountry "ESP"]
[Source "lmi"]
[SourceDate "2007.12.22"]

1. e4 c5 2. Nf3 g6 3. d4 cxd4 4. Qxd4 Nf6 5. e5 Nc6 6. Qa4 Nd5 7. Qe4 Nc7 8.
Nc3 Bg7 9. Bf4 O-O 10. O-O-O Ne6 11. Be3 Qa5 12. Rd5 Qc7 13. h4 b6 14. h5 Bb7
15. Bd3 Rfc8 16. hxg6 hxg6 17. Qh4 Nxe5 18. Rxe5 Bxf3 19. Qh7+ Kf8 20. Bh6
Bxh6+ 21. Qxh6+ Ke8 22. Qh8+ Nf8 23. gxf3 Qd6 24. Qg7 e6 25. Rh8 Ke7 26. Nd5+
Ke8 27. Bxg6 fxg6 28. Rxf8+ 1-0

[Event "17. Torneo Ciudad de Pamplona - Abierto"]
[Site "Pamplona ESP"]
[Date "2007.12.28"]
[Round "8.7"]
[White "Rivero Ojeda, Jesus Carmelo"]
[Black "Krivoshey, Sergei"]
[Result "1/2-1/2"]
[WhiteElo "2326"]
[BlackElo "2484"]
[PlyCount "81"]
[EventDate "2007.12.22"]
[EventType "swiss"]
[EventRounds "9"]
[EventCountry "ESP"]
[Source "lmi"]
[SourceDate "2007.12.22"]

1. e4 d5 2. exd5 Nf6 3. Bc4 Bg4 4. Nf3 Nxd5 5. Nc3 c6 6. O-O e6 7. Re1 Be7 8.
h3 Bh5 9. Ne4 Nd7 10. d4 O-O 11. a4 Qc7 12. Ng3 Bg6 13. Bd3 Bxd3 14. Qxd3 c5
15. Bg5 c4 16. Qe2 Bxg5 17. Nxg5 N7f6 18. Nh5 Rfd8 19. Ra3 Nxh5 20. Qxh5 Nf6
21. Qh4 Qb6 22. Ne4 Nxe4 23. Rxe4 Rd5 24. Rg3 Rad8 25. Qh6 g6 26. Rh4 Rf5 27.
Qxh7+ Kf8 28. b3 cxb3 29. Rxb3 Qc6 30. Qh6+ Ke7 31. Qd2 b6 32. Qb4+ Qd6 33. Qc4
Rd7 34. Rc3 Rd5 35. Rd3 Rc7 36. Qb3 Qc6 37. Qb4+ Qd6 38. Qb3 Qc6 39. Qa3+ Qd6
40. Qb3 Qc6 41. Qa3+ 1/2-1/2

[Event "17. Torneo Ciudad de Pamplona - Abierto"]
[Site "Pamplona ESP"]
[Date "2007.12.28"]
[Round "8.9"]
[White "Mellado Triviño, Juan"]
[Black "Garcia Paolicchi, Raul"]
[Result "1/2-1/2"]
[WhiteElo "2410"]
[BlackElo "2237"]
[PlyCount "35"]
[EventDate "2007.12.22"]
[EventType "swiss"]
[EventRounds "9"]
[EventCountry "ESP"]
[Source "lmi"]
[SourceDate "2007.12.22"]

1. e4 c5 2. c3 d5 3. exd5 Qxd5 4. d4 e6 5. Nf3 Nf6 6. Na3 Nc6 7. Nb5 Qd8 8.
dxc5 Bxc5 9. Qxd8+ Kxd8 10. Bf4 Ne4 11. Rd1+ Ke7 12. Nbd4 Nxd4 13. Nxd4 Rd8 14.
Bd3 Nf6 15. Be3 Bb6 16. Nc2 Bxe3 17. Nxe3 b6 18. Ke2 1/2-1/2

[Event "17. Torneo Ciudad de Pamplona - Abierto"]
[Site "Pamplona ESP"]
[Date "2007.12.28"]
[Round "8.10"]
[White "Delgado Crespo, Mairelys"]
[Black "Recuero Guerra, David"]
[Result "1/2-1/2"]
[WhiteElo "2285"]
[BlackElo "2407"]
[PlyCount "49"]
[EventDate "2007.12.22"]
[EventType "swiss"]
[EventRounds "9"]
[EventCountry "ESP"]
[Source "lmi"]
[SourceDate "2007.12.22"]

1. e4 c5 2. Nf3 Nc6 3. d4 cxd4 4. Nxd4 Nf6 5. Nc3 d6 6. Be2 g6 7. Be3 Bg7 8.
O-O O-O 9. Qd2 Bd7 10. f3 Ne5 11. Nd5 Rc8 12. b3 Nxd5 13. exd5 Be8 14. c4 Nd7
15. Rac1 Nf6 16. a4 a5 17. Rce1 Nd7 18. Bd1 Bf6 19. Nb5 Nc5 20. Nc3 Qb6 21. Ne4
Nxe4 22. fxe4 Bg5 23. Bxb6 Bxd2 24. Bg4 Ra8 25. Re2 1/2-1/2

[Event "17. Torneo Ciudad de Pamplona - Abierto"]
[Site "Pamplona ESP"]
[Date "2007.12.28"]
[Round "8.11"]
[White "Argandoña Salinas, Gorka"]
[Black "Strikovic, Aleksa"]
[Result "0-1"]
[WhiteElo "2089"]
[BlackElo "2551"]
[PlyCount "74"]
[EventDate "2007.12.22"]
[EventType "swiss"]
[EventRounds "9"]
[EventCountry "ESP"]
[Source "lmi"]
[SourceDate "2007.12.22"]

1. d4 d6 2. c4 e5 3. dxe5 dxe5 4. Qxd8+ Kxd8 5. Nc3 Na6 6. Bg5+ f6 7. O-O-O+
Ke8 8. Be3 Ne7 9. g3 Nf5 10. Bg2 Nxe3 11. fxe3 Bc5 12. e4 c6 13. Nf3 Ke7 14. b3
Bb4 15. Nb1 Be6 16. a3 Bc5 17. Kc2 Bd6 18. h4 h5 19. Bh3 Bxh3 20. Rxh3 Nc5 21.
Nc3 a5 22. Rhh1 Ne6 23. Kb2 Bc5 24. Nb1 Rhd8 25. Rxd8 Rxd8 26. Rf1 Rh8 27. Ne1
Rh6 28. Nc2 Rg6 29. Rf3 Rg4 30. Nd2 g5 31. hxg5 Nxg5 32. Rf5 Rxg3 33. Nf3 Nxf3
34. exf3 Rg5 35. Ne1 Rxf5 36. exf5 h4 37. f4 e4 0-1

[Event "17. Torneo Ciudad de Pamplona - Abierto"]
[Site "Pamplona ESP"]
[Date "2007.12.28"]
[Round "8.12"]
[White "Rubio Mejia, Luis Igancio"]
[Black "Ignacz, Rozsa"]
[Result "1-0"]
[WhiteElo "2327"]
[BlackElo "2079"]
[PlyCount "59"]
[EventDate "2007.12.22"]
[EventType "swiss"]
[EventRounds "9"]
[EventCountry "ESP"]
[Source "lmi"]
[SourceDate "2007.12.22"]

1. d4 Nf6 2. c4 e6 3. Nc3 Bb4 4. e3 b6 5. Nge2 Bb7 6. a3 Bxc3+ 7. Nxc3 Ne4 8.
Nxe4 Bxe4 9. Qg4 Bg6 10. h4 h5 11. Qg3 d5 12. cxd5 exd5 13. Qe5+ Kf8 14. Bd2
Nc6 15. Qf4 a6 16. Rc1 Qd7 17. Be2 Ra7 18. O-O Nd8 19. Bf3 c6 20. Rc3 f6 21.
Rfc1 Kf7 22. Qg3 Bf5 23. Rb3 Rb7 24. Be2 b5 25. Ba5 Bg4 26. Bxg4 Qxg4 27. Rbc3
g6 28. Bxd8 Rxd8 29. Rxc6 Kg8 30. Rxf6 1-0